| Tag |
First Indicator |
Second Indicator |
Subfields |
| LEADER |
00000cam a2200000 a 4500 |
| 001 |
in00000011642 |
| 005 |
20151007051651.0 |
| 008 |
860228s1986 nyu b 00000 eng |
| 010 |
|
|
|a 85045130
|
| 020 |
|
|
|a 0824086597
|
| 035 |
|
|
|a (OCoLC)13333538
|
| 035 |
|
|
|9 AAA4186AM
|
| 040 |
|
|
|a DLC
|c DLC
|d TXA
|d UtOrBLW
|
| 049 |
|
|
|a TXAM
|c [A12604906]
|
| 050 |
0 |
0 |
|a PS648.F3
|b A47 1986
|
| 082 |
0 |
|
|a 813/.0876/08
|2 19
|
| 245 |
0 |
0 |
|a Alternative histories :
|b eleven stories of the world as it might have been /
|c edited by Charles G. Waugh and Martin H. Greenberg ; with an afterword by Gordon B. Chamberlain and a bibliography by Barton C. Hacker and Gordon B. Chamberlain.
|
| 264 |
|
1 |
|a New York :
|b Garland Pub.,
|c 1986.
|
| 300 |
|
|
|a 363 pages ;
|c 23 cm.
|
| 336 |
|
|
|a text
|b txt
|2 rdacontent
|
| 337 |
|
|
|a unmediated
|b n
|2 rdamedia
|
| 338 |
|
|
|a volume
|b nc
|2 rdacarrier
|
| 490 |
1 |
|
|a Garland reference library of the humanities ;
|v v. 623
|
| 504 |
|
|
|a Bibliography: pages 301-363.
|
| 505 |
0 |
|
|a Hands off / Edward Everett Hale -- Delenda est / Poul Anderson -- The wheels of if / L. Sprague de Camp -- In the circle of nowhere / Irving E. Cox, Jr. -- The Lady Margaret / Keith Roberts -- He walked around the horses / H. Beam Piper -- Custer's last jump / Steven Utley and Howard Waldrop -- The curfew tolls / Stephen Vincent Benét -- Hush my mouth / Suzette Haden Elgin -- Interurban queen / R.A. Lafferty -- The lucky strike / Kim Stanley Robinson -- All o history in science fiction / Gordon B. Chamberlain.
|
| 650 |
|
0 |
|a Fantasy fiction, American.
|
| 650 |
|
0 |
|a Historical fiction.
|
| 700 |
1 |
|
|a Waugh, Charles G.
|q (Charles Gordon),
|d 1943-
|
| 700 |
1 |
|
|a Greenberg, Martin Harry.
|
| 830 |
|
0 |
|a Garland reference library of the humanities ;
|v v. 623.
|
| 999 |
|
|
|a MARS
|
| 999 |
f |
f |
|s b56fe8e0-de4b-362f-8dd7-27b1774af70f
|i ed421746-a937-37a3-9d01-7b7799b3811b
|t 0
|
| 952 |
f |
f |
|p ric
|a Texas A&M University
|b Rellis Campus
|c Joint Library Facility
|d Remote Storage
|t 0
|e PS648.F3 A47 1986
|h Library of Congress classification
|i unmediated -- volume
|m A14812604906
|
| 998 |
f |
f |
|a PS648.F3 A47 1986
|t 0
|l Remote Storage
|